<?xml version="1.0" encoding="UTF-8"?>
<marc:record xmlns:marc="http://www.loc.gov/MARC21/slim">
   <marc:leader>00000nam a2200000 a 4500</marc:leader>
   <marc:datafield ind1="1" ind2=" " tag="100">
      <marc:subfield code="a">Higashida, Naoki</marc:subfield>
      <marc:subfield code="4">aut</marc:subfield>
      <marc:subfield code="e">Verfasser/-in</marc:subfield>
   </marc:datafield>
   <marc:datafield ind1=" " ind2=" " tag="653">
      <marc:subfield code="a">Kinderheilkunde</marc:subfield>
   </marc:datafield>
   <marc:datafield ind1=" " ind2=" " tag="653">
      <marc:subfield code="a">Kinderkrankheit</marc:subfield>
   </marc:datafield>
   <marc:datafield ind1=" " ind2=" " tag="653">
      <marc:subfield code="a">Autismus</marc:subfield>
   </marc:datafield>
   <marc:datafield ind1=" " ind2=" " tag="653">
      <marc:subfield code="a">Erlebnisbericht</marc:subfield>
   </marc:datafield>
   <marc:datafield ind1="0" ind2="0" tag="245">
      <marc:subfield code="a">Warum ich euch nicht in die Augen schauen kann</marc:subfield>
   </marc:datafield>
   <marc:datafield ind1="0" ind2="0" tag="245">
      <marc:subfield code="b">ein autistischer Junge erklärt seine Welt</marc:subfield>
   </marc:datafield>
   <marc:datafield ind1="0" ind2="0" tag="245">
      <marc:subfield code="c">Higashida, Naoki</marc:subfield>
   </marc:datafield>
   <marc:datafield ind1=" " ind2="1" tag="264">
      <marc:subfield code="a">Reinbek bei Hamburg</marc:subfield>
      <marc:subfield code="b">Rowohlt-Taschenbuch-Verl.</marc:subfield>
      <marc:subfield code="c">2014</marc:subfield>
   </marc:datafield>
   <marc:datafield ind1="1" ind2=" " tag="490">
      <marc:subfield code="a">Rororo</marc:subfield>
      <marc:subfield code="v">62873</marc:subfield>
   </marc:datafield>
   <marc:datafield ind1=" " ind2=" " tag="250">
      <marc:subfield code="a">Dt. Erstausg.</marc:subfield>
   </marc:datafield>
   <marc:datafield ind1="1" ind2=" " tag="520">
      <marc:subfield code="a">«Dieses Buch erklärt uns Autismus so, wie wir ihn noch nie gesehen haben.» (The Independent)&#xD;
&#xD;
Warum guckst du uns nicht in die Augen? Warum bist du so gern allein? Warum magst du nicht meine Hand halten? Warum rastest du aus? Dies sind nur einige der vielen Fragen, die Eltern eines autistischen Kindes umtreiben. In diesem Buch finden sie Antworten. Naoki Higashida, ein japanischer Junge und selbst schwer autistisch, nimmt den Leser mit in seine Welt, erklärt, was in ihm vorgeht – und löst mit seinen Antworten das bequeme Klischee auf, Menschen mit Autismus hätten keine Gefühle.&#xD;
Der auf dem Bestseller basierende Dokumentarfilm «Warum ich euch nicht in die Augen schauen kann» kam im Frühjahr 2022 in die Kinos – «eine intensive Entdeckungstour mit einer klaren Botschaft: Nicht sprechen zu können bedeutet nicht, dass es nichts zu sagen gibt» (polyfilm).&#xD;
&#xD;
«Das Buch, das mir am meisten geholfen hat. Was ich las, half mir, als Vater aufgeklärter, hilfreicher, stolzer und glücklicher zu sein.» (David Mitchell)</marc:subfield>
   </marc:datafield>
   <marc:datafield ind1=" " ind2=" " tag="020">
      <marc:subfield code="a">9783499628733</marc:subfield>
      <marc:subfield code="9">9783499628733</marc:subfield>
   </marc:datafield>
   <marc:datafield ind1=" " ind2=" " tag="020">
      <marc:subfield code="a">3499628732</marc:subfield>
      <marc:subfield code="9">3499628732</marc:subfield>
   </marc:datafield>
   <marc:datafield ind1=" " ind2=" " tag="041">
      <marc:subfield code="a">ger</marc:subfield>
   </marc:datafield>
   <marc:datafield ind1="0" ind2=" " tag="490">
      <marc:subfield code="v">62873</marc:subfield>
   </marc:datafield>
   <marc:datafield ind1=" " ind2=" " tag="338">
      <marc:subfield code="a">Band</marc:subfield>
   </marc:datafield>
   <marc:datafield ind1=" " ind2=" " tag="300">
      <marc:subfield code="a">158 S.</marc:subfield>
   </marc:datafield>
</marc:record>
